Score 0/10 Timer 05:00
1 Play Today
% Correct
Stark
97.7%
Lannister
83%
Greyjoy
81.8%
Targaryen
76.8%
Tully
75.4%
Arryn
74.2%
Bolton
73.4%
Martell
72.3%
Baratheon
70.5%
Tyrell
68.6%

You're not logged in!

Compare scores with friends on all Sporcle quizzes.
OR
Log In

Sporcle TV

Today on Sporcle TV


Watch our educational content, quiz creation guides, and fun videos on Sporcle TV.

Show Comments

Extras

Top Quizzes Today


Score Distribution

Your Account Isn't Verified!

In order to create a playlist on Sporcle, you need to verify the email address you used during registration. Go to your Sporcle Settings to finish the process.

Report this User

Report this user for behavior that violates our Community Guidelines.

Details: